000 00770nam a2200205 a 4500
005 20230708063647.0
008 070926s1990 mx r 000 0 spa d
035 _aUPN01000152334
049 _aCG
050 4 _aLC5309 U6
_bL274
100 1 _aHernández Hernández, Isidra
245 1 3 _aLa baja comprensión de la lectura en la escuela primaria /
_cIsidra Hernández Hernández, Norma Guadalupe Nieto Herrera, Felix Hernández Alvarez.
260 _aVillahermosa :
_bI. Hernández Hernández,
_c1990.
300 _a71 h.
502 _aSeminario -- Universidad Pedagógica Nacional, 1990
650 4 _aAprendizaje de la lectoescritura
_91535
700 1 _aNieto Herrera, Norma Guadalupe,
_ecoaut.
700 1 _aHernández Alvarez, Felix,
_ecoaut.
905 _aLibro
999 _c124457
_d124457